zpět

Detail výsledku týmu

Auto Da Fé ST, Kladno

Datum a čas kvízu

17 Celkem bodů Celkový počet nahraných bodů na tomto kvízu bez doplňovacích otázek.
7. Pořadí na kvízu Konečné umístění týmu na tomto kvízu.

Zaznamenané odpovědi

# Otázka Odpověď Body Výsledky
1. Výmoly a praskliny na královéh... 0
2. Pětačtyřicetiletý pastor, kter... 0
3. Jak se jmenuje Superstar za ro... 0
4. Firma Apple na své pravidelné... 0
5. Slovenská policie odhalila kor... 0
6. Fanoušky na celém světě si po... 0
7. Ke které deskové hře odkazuje... 0
8. Ve hře Osadníci z Katanu je mo... 0
9. Napište název postřehové karet... 1
10. Napište jméno této postavy z k... 0